[Event "WCh w Blitz Final"]
[Site "Moscow RUS"]
[Date "2010.09.17"]
[Round "5"]
[White "Skripchenko,A"]
[Black "Lahno,Kateri"]
[Result "0-1"]
[WhiteElo "2464"]
[BlackElo "2539"]
[EventDate "2010.09.17"]

1. e4 e5 2. Nf3 Nc6 3. Bc4 Bc5 4. c3 Nf6 5. d3 a6 6. Bb3 d6 7. Nbd2 Ba7 8.
h3 h6 9. Nf1 Be6 10. Ng3 d5 11. Qe2 dxe4 12. dxe4 Qe7 13. O-O O-O 14. Nh4
Bxb3 15. axb3 Qe6 16. b4 Ne7 17. Nhf5 Nxf5 18. Nxf5 Rfd8 19. Qf3 Ne8 20.
Qg3 Kh7 21. Qh4 Nd6 22. Ne3 c6 23. Re1 Qg6 24. Qe7 Qxe4 25. c4 Nxc4 26.
Qxf7 Nd6 27. Qh5 Rf8 28. Bd2 Qg6 29. Qxe5 Ne4 30. Re2 Rae8 31. Qh2 Nxd2 32.
Rxd2 Rxf2 33. Rxf2 Bxe3 34. Raf1 Rf8 35. Qe5 Bxf2+ 36. Rxf2 Qb1+ 0-1

[Event "WCh w Blitz Final"]
[Site "Moscow RUS"]
[Date "2010.09.17"]
[Round "5"]
[White "Gaponenko,I"]
[Black "Sebag,M"]
[Result "1-0"]
[WhiteElo "2469"]
[BlackElo "2499"]
[EventDate "2010.09.17"]

1. e4 c5 2. c3 d5 3. exd5 Qxd5 4. d4 Nf6 5. Nf3 Bg4 6. Be2 e6 7. h3 Bh5 8.
O-O cxd4 9. Nxd4 Bxe2 10. Qxe2 Be7 11. Nd2 O-O 12. N2f3 Nc6 13. Rd1 Nxd4
14. Rxd4 Qc6 15. Ne5 Qc7 16. Bf4 Bd6 17. Rad1 Nd5 18. Bg3 b5 19. Qxb5 Bxe5
20. Bxe5 Qxe5 21. c4 Rab8 22. Qa5 Rxb2 23. cxd5 Qe2 24. R4d2 Rxd2 25. Rxd2
Qe1+ 26. Kh2 Qe5+ 27. g3 exd5 28. Rxd5 Qe2 29. Qxa7 g6 30. a4 Re8 31. Rd7
Qf3 32. Qd4 h5 33. Rd8 Rxd8 34. Qxd8+ Kg7 35. Qd4+ Kg8 36. a5 h4 37. gxh4
Qc6 38. Qb6 Qe4 39. Qb8+ Kg7 40. a6 Qf3 41. Qg3 Qa8 42. Qd6 Qf3 43. Qd4+
Kh7 44. a7 Qb7 45. Qc5 Qf3 46. Qe3 Qb7 47. Kg3 Qc7+ 48. Kg2 Qb7+ 49. Kg3
Qc7+ 50. f4 Qb7 51. Kg4 Qd7+ 52. Kg3 Qb7 53. f5 Qc7+ 54. Kg2 Qb7+ 55. Kf2
gxf5 56. Qc5 Qb2+ 57. Kf3 Qb3+ 58. Kf4 Qa4+ 59. Kxf5 Qa6 60. Kg5 Qg6+ 61.
Kf4 Qa6 62. Ke4 Qb7+ 63. Kd4 Qa6 64. Kd5 Qb7+ 65. Kd6 Qa6+ 66. Kc7 Qa4 67.
Kb8 Qe8+ 68. Kb7 Qe4+ 69. Qc6 Qb4+ 70. Kc7 Qa5+ 71. Kb8 Qd8+ 72. Kb7 Qe7+
73. Qc7 Qb4+ 74. Kc8 Qa4 75. Qxf7+ Kh6 76. Qe6+ Kh5 77. Qg4+ 1-0

[Event "WCh w Blitz Final"]
[Site "Moscow RUS"]
[Date "2010.09.17"]
[Round "6"]
[White "Kosintseva,N"]
[Black "Nebolsina,V"]
[Result "1-0"]
[WhiteElo "2565"]
[BlackElo "2360"]
[EventDate "2010.09.17"]

1. e4 e5 2. Nf3 Nf6 3. d4 Nxe4 4. dxe5 d5 5. Nbd2 Nxd2 6. Bxd2 Be7 7. Bd3
Nd7 8. c3 Nc5 9. Bc2 Bg4 10. Qe2 Qd7 11. h3 Bh5 12. g4 Bg6 13. Nd4 Bxc2 14.
Nxc2 O-O-O 15. O-O-O Qa4 16. Kb1 Qe4 17. Rhe1 Qg6 18. f4 Bh4 19. f5 Qb6 20.
Rf1 Na4 21. b3 Rhe8 22. Nd4 Bf6 23. Qb5 c5 24. Qxa4 cxd4 25. exf6 Qxf6 26.
Qxd4 Qa6 27. Bf4 b6 28. Rfe1 Qb5 29. Rxe8 Qxe8 30. Qe5 Qc6 31. c4 d4 32.
Qb8+ 1-0

[Event "WCh w Blitz Final"]
[Site "Moscow RUS"]
[Date "2010.09.17"]
[Round "6"]
[White "Lahno,Kateri"]
[Black "Muzychuk,A"]
[Result "0-1"]
[WhiteElo "2539"]
[BlackElo "2535"]
[EventDate "2010.09.17"]

1. d4 f5 2. c4 Nf6 3. Nc3 d6 4. Bg5 Nbd7 5. Qc2 g6 6. e3 Bg7 7. Bd3 c6 8.
O-O-O e5 9. dxe5 dxe5 10. e4 f4 11. f3 Qc7 12. Bh4 O-O 13. Bf2 b6 14. Nge2
a5 15. Kb1 Ba6 16. Nc1 Rac8 17. Be2 Rfd8 18. Rd2 Bf8 19. Nb3 Bb4 20. a3
Bxc3 21. Qxc3 a4 22. Na1 c5 23. Rhd1 Nf8 24. Rxd8 Rxd8 25. Rxd8 Qxd8 26.
Qxe5 Qd2 27. Qxf6 Qxe2 28. Qxb6 Qd1+ 29. Ka2 Bxc4+ 30. b3 Qd2+ 0-1

[Event "WCh w Blitz Final"]
[Site "Moscow RUS"]
[Date "2010.09.17"]
[Round "6"]
[White "Gunina,V"]
[Black "Skripchenko,A"]
[Result "1-0"]
[WhiteElo "2465"]
[BlackElo "2464"]
[EventDate "2010.09.17"]

1. d4 d6 2. Nf3 Bg4 3. e4 Nd7 4. Be2 e6 5. O-O Ngf6 6. Nc3 c6 7. h3 Bh5 8.
Bf4 Be7 9. a4 O-O 10. a5 d5 11. e5 Ne8 12. Qd2 c5 13. a6 b6 14. Nb5 Nc7 15.
Nd6 Bxd6 16. exd6 Ne8 17. Ne5 Bxe2 18. Nc6 Qh4 19. Bg5 Qh5 20. Rfe1 Bb5 21.
Ne7+ Kh8 22. dxc5 bxc5 23. Ra3 f6 24. Bf4 Qf7 25. Rae3 e5 26. Nxd5 exf4 27.
Re7 Qg6 28. Nxf4 Qf5 29. Ne6 Rg8 30. g4 Qg6 31. Qd5 Rb8 32. Nf4 Qg5 33. Qf3
Nxd6 34. Rd1 Rb6 35. Kg2 Ne5 36. Qg3 Ne4 37. Qe3 Nd6 38. b3 f5 39. Rxe5
Rxa6 40. Rxc5 Bc6+ 41. Kh2 Ne4 42. Rxf5 Qe7 43. Rh5 Qf7 44. Rf5 Qe8 45. f3
Nf6 46. Qf2 Ba8 47. g5 Nd7 48. g6 h6 49. Rf7 Ne5 50. Re1 Ra5 51. Kg3 Rf8
52. Qd4 Rxf7 53. gxf7 Qxf7 54. Rxe5 Rxe5 55. Qxe5 Bc6 56. c4 Kh7 57. Qe6
Qb7 58. Qg6+ Kh8 59. Qd6 Bxf3 60. Qd8+ Kh7 61. b4 Be4 62. Qe8 Bf5 63. Qe5
Bg6 64. Nxg6 Kxg6 65. b5 Kh7 66. Qf5+ Kh8 67. Qf8+ Kh7 68. Qd6 Qf7 69. Qd3+
Kh8 70. c5 Qg6+ 71. Qxg6 1-0

[Event "WCh w Blitz Final"]
[Site "Moscow RUS"]
[Date "2010.09.17"]
[Round "6"]
[White "Zhukova,N"]
[Black "Krush,I"]
[Result "0-1"]
[WhiteElo "2499"]
[BlackElo "2490"]
[EventDate "2010.09.17"]

1. d4 c6 2. e4 d5 3. exd5 cxd5 4. c4 Nf6 5. Nc3 g6 6. Nf3 Bg7 7. Be2 O-O 8.
O-O Nc6 9. h3 b6 10. Ne5 Bb7 11. Bf3 Rc8 12. b3 dxc4 13. bxc4 Ba8 14. Bxc6
Bxc6 15. Ba3 Re8 16. Re1 Ba8 17. Rc1 Nd7 18. Nxd7 Qxd7 19. d5 Rxc4 20. Qb3
Rxc3 21. Rxc3 Bxc3 22. Qxc3 Qxd5 23. f3 e5 24. Kh2 Qxa2 25. Bb2 f6 26. Rd1
Qe6 27. Qc7 Re7 28. Qd8+ Re8 29. Qc7 Bd5 30. Qxa7 Re7 31. Qb8+ Kg7 32. Ba3
Rf7 33. Rc1 e4 34. Rc7 Qe5+ 35. Kg1 Qxc7 0-1

[Event "WCh w Blitz Final"]
[Site "Moscow RUS"]
[Date "2010.09.17"]
[Round "6"]
[White "Kosintseva,T"]
[Black "Paikidze,N"]
[Result "1-0"]
[WhiteElo "2573"]
[BlackElo "2376"]
[EventDate "2010.09.17"]

1. e4 c6 2. d4 d5 3. e5 Bf5 4. Nf3 e6 5. Be2 c5 6. Be3 Qb6 7. Nc3 Nc6 8.
O-O Qxb2 9. Nb5 c4 10. Nc7+ Kd7 11. Nxa8 Bxc2 12. Qe1 Bb4 13. Bd2 Nge7 14.
Bxb4 Qxb4 15. Qc1 Bg6 16. a3 Qa5 17. Qb2 Qa6 18. a4 Rxa8 19. Qa3 Ke8 20. a5
Rc8 21. Bd1 Be4 22. Ng5 Nxd4 23. Nxe4 dxe4 24. Qe3 Nef5 25. Qxe4 Qc6 26.
Ba4 Nb5 27. Bxb5 Qxb5 28. Rfb1 Qd5 29. Qc2 Qxe5 30. Re1 Qf4 31. Re4 Qc7 32.
h3 Kf8 33. Ree1 Kg8 34. Qe4 c3 35. Rec1 g6 36. Ra3 Nd6 37. Qd3 c2 38. Ra2
Rd8 39. Rcxc2 Qe7 40. Qa3 Qg5 41. Rd2 Ne4 42. Rxd8+ Qxd8 43. Qe3 Qd1+ 44.
Kh2 Qd6+ 45. g3 Nf6 46. Qxa7 Qd5 47. Rb2 Ne4 48. Qe3 Nd6 49. Rd2 Qc6 50.
Qb6 Qxb6 51. axb6 Nc4 52. Rd7 Nxb6 53. Rxb7 Nd5 54. Kg2 Kg7 55. g4 Nf4+ 56.
Kg3 Nd5 57. f4 Nf6 58. Kf3 h5 59. g5 Nd5 60. Ra7 Nc3 61. Rb7 Nd5 62. Ke4
Nc3+ 63. Ke5 Nd5 64. Ra7 Ne3 65. Ra4 Nd5 66. Kd6 Ne3 67. Ke7 Nf5+ 68. Ke8
Nd6+ 69. Kd7 Nf5 70. Ra7 Kf8 71. Ra6 Kg7 72. Ke8 Kg8 73. Rc6 Kg7 74. Rc7
Nd6+ 75. Kd7 Nf5 76. Rc6 Nd4 77. Ra6 Nf5 78. Ke8 Kg8 79. Rc6 Kg7 80. Kd7
Nd4 81. Rc4 Nf5 82. Re4 Ng3 83. Ra4 Nf5 84. Ke8 Nd6+ 85. Kd8 Nf5 86. Ra6
Kf8 87. Ra7 Kg8 88. Rd7 Ng7 89. Ke7 Nf5+ 90. Kf6 Ne3 91. Rd8+ Kh7 92. Kxf7
Nd5 93. Kxe6 Nxf4+ 94. Kf6 Nxh3 95. Rd7+ Kg8 96. Kxg6 Nf4+ 97. Kf6 h4 98.
g6 Nh5+ 99. Kg5 Ng7 100. Rd8+ 1-0

[Event "WCh w Blitz Final"]
[Site "Moscow RUS"]
[Date "2010.09.17"]
[Round "6"]
[White "Koneru,H"]
[Black "Stefanova,A"]
[Result "0-1"]
[WhiteElo "2593"]
[BlackElo "2551"]
[EventDate "2010.09.17"]

1. d4 d5 2. Nf3 Nf6 3. c4 dxc4 4. e3 Be6 5. Nc3 h6 6. Ne5 a6 7. Nxc4 g6 8.
Be2 Bg7 9. O-O O-O 10. Ne5 Nfd7 11. Nd3 f5 12. Bf3 c6 13. d5 Bf7 14. Nf4
Ne5 15. Be2 cxd5 16. Nfxd5 Nbc6 17. f4 Nd7 18. e4 Nd4 19. Be3 Nxe2+ 20.
Qxe2 e6 21. Nb4 fxe4 22. Nxe4 Qe7 23. Nd3 Rac8 24. Rfd1 Rc6 25. Rac1 Rfc8
26. Rxc6 Rxc6 27. b4 e5 28. Ndc5 Nxc5 29. Bxc5 Qe6 30. fxe5 Bxe5 31. Qe3
Kh7 32. Bd4 Rc2 33. Ng5+ hxg5 34. Bxe5 Qg4 35. Rd2 Rc1+ 36. Kf2 Bc4 37. Qg3
0-1

[Event "WCh w Blitz Final"]
[Site "Moscow RUS"]
[Date "2010.09.17"]
[Round "7"]
[White "Paikidze,N"]
[Black "Koneru,H"]
[Result "0-1"]
[WhiteElo "2376"]
[BlackElo "2593"]
[EventDate "2010.09.17"]

1. d4 Nf6 2. c4 e6 3. Nc3 Bb4 4. e3 O-O 5. Bd3 d5 6. Nge2 dxc4 7. Bxc4 e5
8. dxe5 Qxd1+ 9. Kxd1 Ng4 10. Ke1 Nxe5 11. Bb3 Nd3+ 12. Kf1 c6 13. Bc2 Nxc1
14. Rxc1 Na6 15. h4 Be6 16. g3 Rad8 17. Kg2 Nc7 18. Rhd1 Nd5 19. Ne4 h6 20.
Nd4 Bc8 21. a3 Be7 22. Nd2 Bf6 23. N2f3 g6 24. Bd3 h5 25. Be2 Kg7 26. b4 a6
27. Ng5 Ne7 28. Ne4 Bxd4 29. Rxd4 Rxd4 30. exd4 Rd8 31. Rd1 Nf5 32. d5 cxd5
33. Nc5 d4 34. Bd3 Ne7 35. Re1 Kf8 36. Re5 Nc6 37. Re1 a5 38. b5 Ne7 39.
Nb3 b6 40. Bc4 Bb7+ 41. Kf1 Rc8 42. Nd2 Bd5 43. Bxd5 Nxd5 44. Re4 Rc1+ 45.
Kg2 Nc3 46. Rxd4 Nxb5 47. Rd3 Rd1 48. a4 Nc7 49. Kf3 Ne6 50. Ke2 Ra1 51.
Nc4 Rxa4 52. Nxb6 Rb4 53. Nd5 Rb2+ 54. Rd2 Rxd2+ 55. Kxd2 Ke8 56. Kc3 Kd7
57. Kb3 Kd6 58. Ne3 Nc5+ 0-1

[Event "WCh w Blitz Final"]
[Site "Moscow RUS"]
[Date "2010.09.17"]
[Round "7"]
[White "Krush,I"]
[Black "Kosintseva,T"]
[Result "0-1"]
[WhiteElo "2490"]
[BlackElo "2573"]
[EventDate "2010.09.17"]

1. d4 Nf6 2. c4 e6 3. Nc3 Bb4 4. Qc2 O-O 5. e4 d5 6. e5 Ne4 7. Bd3 c5 8.
Nge2 cxd4 9. Nxd4 Nd7 10. Bf4 Ndc5 11. O-O Nxd3 12. Qxd3 Bxc3 13. bxc3 b6
14. cxd5 Qxd5 15. Rfd1 Nc5 16. Qg3 Qe4 17. f3 Qg6 18. Nb5 Ba6 19. Nd6 Nd3
20. Bg5 f6 21. exf6 gxf6 22. Be3 Qxg3 23. hxg3 Rfd8 24. Ne4 Kf7 25. g4 Rd5
26. Bd4 e5 27. Be3 Rad8 28. Rd2 Bc4 29. Rad1 Ke6 30. a3 Ra5 31. Ra1 Rdd5
32. Nf2 Nxf2 33. Kxf2 Rxd2+ 34. Bxd2 Rd5 35. Be3 Rd3 36. Rc1 Kd5 37. Rh1
Rxc3 38. Rxh7 Rxa3 39. g5 fxg5 40. Bxg5 Ra2+ 41. Kg3 Bf1 42. Rh2 b5 43. Bf6
b4 44. Rh5 Rxg2+ 45. Kh4 Rh2+ 46. Kg5 Rxh5+ 47. Kxh5 b3 0-1

[Event "WCh w Blitz Final"]
[Site "Moscow RUS"]
[Date "2010.09.17"]
[Round "7"]
[White "Skripchenko,A"]
[Black "Zhukova,N"]
[Result "1-0"]
[WhiteElo "2464"]
[BlackElo "2499"]
[EventDate "2010.09.17"]

1. e4 Nf6 2. e5 Nd5 3. d4 d6 4. Nf3 g6 5. Bc4 Nb6 6. Bb3 Bg7 7. O-O O-O 8.
h3 Nc6 9. Qe2 Na5 10. Nc3 Nxb3 11. axb3 Bf5 12. Ne4 f6 13. Ng3 fxe5 14.
dxe5 dxe5 15. Nxf5 Rxf5 16. c3 a6 17. Rd1 Qf8 18. Qe4 c6 19. c4 Rd8 20. Be3
Nd7 21. Qd3 e4 22. Qxe4 Nc5 23. Bxc5 Rxc5 24. Qe6+ Kh8 25. Rab1 Rf5 26. b4
Bf6 27. b3 Qg8 28. Qe4 Qe8 29. g4 Rxf3 30. Qxf3 Kg7 31. Rxd8 Qxd8 32. Rd1
Qb6 33. Qe3 Qxe3 34. fxe3 Bc3 35. b5 cxb5 36. cxb5 axb5 37. Rd7 Kf6 38.
Rxb7 b4 39. Kf2 h6 40. Kf3 e6 41. Ke4 Bd2 42. Rb6 Bc3 43. Rb5 e5 44. Kd3
Kg5 45. Rb6 h5 46. Ke4 hxg4 47. hxg4 Bd2 48. Re6 Bc3 49. Rd6 Kh6 50. Re6
Kg5 51. Kf3 Bb2 52. Rb6 Bc3 53. Rb5 Kh4 54. Rd5 Bb2 55. Rd8 Kg5 56. Re8 Bc3
57. Kg3 Be1+ 58. Kh3 Bc3 59. Re6 Bb2 60. Kg3 Bc3 61. Kf3 Bb2 62. Rb6 Bc3
63. Ke4 Kh6 64. Kd5 Kg5 65. Kc4 Bd2 66. e4 Bc3 67. Kd3 Be1 68. Re6 Bc3 69.
Kc4 Kh6 70. Kd3 Kg5 71. Kc4 Kh6 72. Kd5 Kg5 73. Rc6 Bb2 74. Rc2 Bc3 75. Rg2
Kf4 76. g5 Ke3 77. Rg4 Kd3 78. Rh4 Kc2 79. Kc4 Kb2 80. Rh6 Bd2 81. Rxg6 Ka3
82. Re6 Bxg5 83. Rxe5 1-0

[Event "WCh w Blitz Final"]
[Site "Moscow RUS"]
[Date "2010.09.17"]
[Round "7"]
[White "Muzychuk,A"]
[Black "Gunina,V"]
[Result "1-0"]
[WhiteElo "2535"]
[BlackElo "2465"]
[EventDate "2010.09.17"]

1. e4 c6 2. d3 d5 3. Nc3 Nf6 4. e5 Nfd7 5. f4 e6 6. Nf3 c5 7. d4 Nc6 8. Be3
Be7 9. dxc5 Bxc5 10. Bxc5 Nxc5 11. Bd3 Qb6 12. Nb5 a6 13. Nd6+ Ke7 14. b3
Nb4 15. Qd2 Ncxd3+ 16. cxd3 Bd7 17. d4 a5 18. O-O a4 19. a3 Nc6 20. b4 Na7
21. Rac1 Nc8 22. Nxc8+ Rhxc8 23. Rc5 Qa6 24. f5 h6 25. f6+ Kf8 26. Ng5 Rxc5
27. dxc5 gxf6 28. Nh7+ Ke7 29. Qxh6 Kd8 30. Qxf6+ Kc7 31. Qxf7 Qe2 32. Nf6
Rd8 33. h4 Qxe5 34. Nxd7 Rxd7 35. Qf4 Qxf4 36. Rxf4 e5 37. Rg4 Kc6 38. Kf2
Kb5 39. h5 d4 40. h6 Rh7 41. Rh4 Kc4 42. g4 e4 43. g5 e3+ 44. Ke2 Kc3 45.
g6 Re7 46. h7 d3+ 47. Kf3 Re8 48. h8=Q+ Rxh8 49. Rxh8 e2 50. Kf2 Kc2 51.
Rh1 1-0

[Event "WCh w Blitz Final"]
[Site "Moscow RUS"]
[Date "2010.09.17"]
[Round "8"]
[White "Kosintseva,N"]
[Black "Sebag,M"]
[Result "1/2-1/2"]
[WhiteElo "2565"]
[BlackElo "2499"]
[EventDate "2010.09.17"]

1. e4 c5 2. c3 d5 3. exd5 Qxd5 4. d4 Nf6 5. Be3 cxd4 6. cxd4 e6 7. Nc3 Bb4
8. Nf3 O-O 9. Bd3 b6 10. O-O Bxc3 11. bxc3 Ba6 12. a4 Bc4 13. Ne5 Bxd3 14.
Qxd3 Nc6 15. Nxc6 Qxc6 16. c4 Rac8 17. Rfc1 Rfd8 18. h3 h6 19. a5 Nd7 20.
Qb3 e5 21. d5 Qg6 22. axb6 axb6 23. Ra6 Rb8 24. Qc2 e4 25. Bd4 Qf5 26. Re1
Re8 27. Ra3 Rbc8 28. Rg3 Ne5 29. Bxe5 Qxe5 30. Rb3 Qd4 31. Qd1 Rxc4 32. d6
Rd8 33. Qxd4 Rxd4 34. Rxb6 f5 35. Rb5 g6 36. Ra1 R4xd6 37. Kh2 R8d7 38. h4
Kf7 39. Ra8 h5 40. Kg3 Rd2 41. f3 exf3 42. gxf3 Rd1 43. Rbb8 Rg1+ 44. Kf2
Rh1 45. Rf8+ Kg7 46. Rg8+ Kh6 47. Rh8+ Kg7 48. Rhg8+ Kf7 49. Rgf8+ Ke7
1/2-1/2

[Event "WCh w Blitz Final"]
[Site "Moscow RUS"]
[Date "2010.09.17"]
[Round "8"]
[White "Nebolsina,V"]
[Black "Muzychuk,M"]
[Result "0-1"]
[WhiteElo "2360"]
[BlackElo "2464"]
[EventDate "2010.09.17"]

1. d4 f5 2. c4 Nf6 3. Nc3 d6 4. Qc2 e5 5. dxe5 dxe5 6. Bg5 Be6 7. e3 Nc6 8.
Rd1 Qe7 9. Nf3 Qf7 10. Bxf6 Qxf6 11. Nd5 Bxd5 12. cxd5 Bb4+ 13. Nd2 Bxd2+
14. Rxd2 Ne7 15. Qxc7 Rc8 16. Qxb7 Rc1+ 17. Rd1 Rxd1+ 18. Kxd1 O-O 19. Bc4
Qd6 20. Qb3 Rb8 21. Qc2 Kf8 22. Ke2 e4 23. Rd1 Ng6 24. Bb3 Ne5 25. Rc1 Nd3
26. Rh1 Qa6 27. Kd1 Rc8 28. Bc4 Rxc4 29. Qb3 Rc1+ 30. Kd2 Qa5+ 31. Ke2 Re1+
0-1

[Event "WCh w Blitz Final"]
[Site "Moscow RUS"]
[Date "2010.09.17"]
[Round "8"]
[White "Zhukova,N"]
[Black "Muzychuk,A"]
[Result "1-0"]
[WhiteElo "2499"]
[BlackElo "2535"]
[EventDate "2010.09.17"]

1. d4 Nf6 2. c4 e6 3. Nf3 c5 4. e3 d5 5. Nc3 cxd4 6. exd4 Nc6 7. Bd3 Be7 8.
O-O Nb4 9. Be2 dxc4 10. Bxc4 O-O 11. Re1 Nbd5 12. Ne5 Nxc3 13. bxc3 Bd7 14.
Bb3 Rc8 15. Qd3 Re8 16. Bg5 b6 17. Rad1 Nd5 18. Bxe7 Rxe7 19. c4 Nb4 20.
Qg3 Nc6 21. Nxc6 Bxc6 22. d5 exd5 23. Rxe7 Qxe7 24. cxd5 Bd7 25. h3 a5 26.
d6 Qf6 27. Qe3 a4 28. Bd5 b5 29. Qa7 Rd8 30. Qc7 g6 31. Re1 Bxh3 32. gxh3
Rxd6 33. Bxf7+ Kg7 34. Be6+ Kh6 35. Qxd6 1-0

[Event "WCh w Blitz Final"]
[Site "Moscow RUS"]
[Date "2010.09.17"]
[Round "8"]
[White "Kosintseva,T"]
[Black "Skripchenko,A"]
[Result "1/2-1/2"]
[WhiteElo "2573"]
[BlackElo "2464"]
[EventDate "2010.09.17"]

1. e4 d6 2. d4 Nf6 3. Nc3 g6 4. Be3 c6 5. Qd2 b5 6. Bd3 Nbd7 7. Nf3 Qc7 8.
Bh6 Bxh6 9. Qxh6 Bb7 10. O-O e5 11. dxe5 dxe5 12. Ne2 Qd6 13. a4 a6 14. Ng3
Qf8 15. Qg5 Qe7 16. c4 h6 17. Qe3 b4 18. c5 Nxc5 19. Bc4 a5 20. b3 Nfd7 21.
Rac1 Kf8 22. h4 Kg7 23. h5 Rhf8 24. Nd2 Ne6 25. Ne2 Ndc5 26. g3 Rad8 27.
Rc2 Qg5 28. Qxg5 Nxg5 29. f3 f5 30. hxg6 fxe4 31. fxe4 Rxf1+ 32. Kxf1 Ncxe4
33. Nxe4 Nxe4 34. Bf7 Nd6 35. Rc5 Ra8 36. Rxe5 Nxf7 37. Re7 Kxg6 38. Rxb7
Ne5 39. Nf4+ Kf5 40. Ke2 Rg8 41. Kf2 Ng4+ 42. Kf3 Ne5+ 43. Kf2 Rd8 44. Ra7
Rd2+ 45. Ke3 Rb2 46. Rxa5 Rxb3+ 47. Kd4 Rxg3 48. Rxe5+ Kxf4 49. Rc5 1/2-1/2

[Event "WCh w Blitz Final"]
[Site "Moscow RUS"]
[Date "2010.09.17"]
[Round "8"]
[White "Koneru,H"]
[Black "Krush,I"]
[Result "1-0"]
[WhiteElo "2593"]
[BlackElo "2490"]
[EventDate "2010.09.17"]

1. d4 c6 2. c4 b5 3. cxb5 cxb5 4. e4 Bb7 5. Nd2 Nf6 6. Bd3 e6 7. Ngf3 a6 8.
O-O Be7 9. a4 b4 10. e5 Nd5 11. Nc4 O-O 12. a5 Nc6 13. Qe2 Na7 14. Qe4 g6
15. Bh6 Re8 16. h4 Nb5 17. h5 Rc8 18. Qg4 f5 19. Qg3 Kf7 20. Nd6+ Nxd6 21.
exd6 Bf6 22. Ng5+ Bxg5 23. Bxg5 Nf6 24. Qh4 gxh5 25. Rac1 Rg8 26. f3 h6 27.
Rxc8 Bxc8 28. Bxh6 Qxa5 29. Bg5 Rxg5 30. Qxg5 Qd5 31. Qf4 Ne8 32. Qe5 Bb7
33. Qxd5 Bxd5 34. Bxa6 Nxd6 35. Rc1 f4 36. Kf2 Nf5 37. Rc7 Ke7 38. Bb5 Nxd4
39. Rxd7+ Kf6 40. Bd3 b3 41. Rh7 Ke5 42. Rxh5+ 1-0

[Event "WCh w Blitz Final"]
[Site "Moscow RUS"]
[Date "2010.09.17"]
[Round "8"]
[White "Stefanova,A"]
[Black "Paikidze,N"]
[Result "1/2-1/2"]
[WhiteElo "2551"]
[BlackElo "2376"]
[EventDate "2010.09.17"]

1. d4 d5 2. c4 c6 3. cxd5 cxd5 4. Nc3 Nf6 5. Bf4 Nc6 6. e3 e6 7. Rc1 a6 8.
Bd3 Bd6 9. Bg3 O-O 10. Nf3 Bxg3 11. hxg3 Bd7 12. g4 g6 13. g5 Ne8 14. Qe2
f5 15. gxf6 Qxf6 16. Bb1 Nd6 17. Rd1 Rae8 18. Kf1 Nf5 19. Kg1 Kg7 20. Qd2
Kg8 21. e4 Nfe7 22. e5 Qf4 23. Qxf4 Rxf4 24. Ne2 Rf7 25. Ng5 Rg7 26. g4 Rf8
27. Kg2 Nd8 28. Kg3 Nf7 29. Nf3 h5 30. g5 Nd8 31. Nh4 Ndc6 32. Rh2 Be8 33.
Nf4 Nd8 34. Rc1 Nec6 35. Rd1 Ne7 36. f3 Rgf7 37. Nfxg6 Nxg6 38. Bxg6 Rg7
39. Bxe8 Rxg5+ 40. Kf2 Rxe8 41. Ng2 Rf8 42. Rdh1 Rgf5 43. f4 Nc6 44. Ke3
Kf7 45. Rxh5 Rxh5 46. Rxh5 Rg8 1/2-1/2

[Event "WCh w Blitz Final"]
[Site "Moscow RUS"]
[Date "2010.09.17"]
[Round "9"]
[White "Paikidze,N"]
[Black "Kosintseva,N"]
[Result "1-0"]
[WhiteElo "2376"]
[BlackElo "2565"]
[EventDate "2010.09.17"]

1. e4 c5 2. Nf3 d6 3. d4 cxd4 4. Nxd4 Nf6 5. Nc3 Nc6 6. Bg5 e6 7. Qd2 Qb6
8. Bxf6 gxf6 9. Nb3 Bd7 10. f4 O-O-O 11. Be2 h5 12. O-O-O Kb8 13. Rhf1 Be7
14. Rf3 a6 15. Rh3 h4 16. Qe1 Rdg8 17. Bf3 Na5 18. Nxa5 Qxa5 19. Rxh4 Rxh4
20. Qxh4 Rc8 21. Qe1 d5 22. exd5 Bb4 23. dxe6 Bxe6 24. Qe4 Rc7 25. Rd3 Qb6
26. Rd8+ Ka7 27. Rd4 Bxc3 28. bxc3 Qc5 29. Rb4 1-0

[Event "WCh w Blitz Final"]
[Site "Moscow RUS"]
[Date "2010.09.17"]
[Round "9"]
[White "Muzychuk,A"]
[Black "Kosintseva,T"]
[Result "1-0"]
[WhiteElo "2535"]
[BlackElo "2573"]
[EventDate "2010.09.17"]

1. e4 c5 2. d3 Nc6 3. g3 g6 4. Bg2 Bg7 5. f4 d6 6. Nf3 Nf6 7. O-O O-O 8. h3
Rb8 9. Nc3 b5 10. g4 b4 11. Ne2 a5 12. Be3 Ba6 13. Ng3 Nd7 14. Rb1 a4 15.
Rf2 b3 16. axb3 axb3 17. c3 Qb6 18. h4 Qb5 19. Bf1 Nf6 20. Nh2 d5 21. g5
Nd7 22. exd5 Nd8 23. Ng4 Nb7 24. f5 f6 25. Ra1 Nd6 26. c4 Qb6 27. fxg6 hxg6
28. Ne4 f5 29. Nxd6 exd6 30. Nh6+ Kh7 31. Bh3 Ne5 32. h5 Bc8 33. hxg6+ Nxg6
34. Nxf5 Kg8 35. Qh5 Ne5 36. Ne7+ 1-0

[Event "WCh w Blitz Final"]
[Site "Moscow RUS"]
[Date "2010.09.17"]
[Round "9"]
[White "Gaponenko,I"]
[Black "Zhukova,N"]
[Result "1-0"]
[WhiteElo "2469"]
[BlackElo "2499"]
[EventDate "2010.09.17"]

1. e4 Nf6 2. e5 Nd5 3. d4 d6 4. Nf3 dxe5 5. Nxe5 g6 6. Nd2 Bg7 7. Ndf3 O-O
8. Be2 Nd7 9. Nd3 N7f6 10. O-O Bf5 11. Nde5 Nd7 12. Nd3 N7f6 13. h3 c6 14.
c3 Qc7 15. Qb3 Nd7 16. Re1 Bxd3 17. Bxd3 e6 18. c4 Nf4 19. Bf1 b6 20. Be3
c5 21. Rad1 cxd4 22. Nxd4 Nc5 23. Nb5 Qc6 24. Qc2 e5 25. g3 Nfe6 26. Bg2 e4
27. Rd6 Qc8 28. Red1 a6 29. Nc3 Qc7 30. Nxe4 Rac8 31. Nxc5 Nxc5 32. b3 Ne6
33. Bxb6 Qb8 34. Be3 a5 35. Rb6 Qc7 36. a4 Qe7 37. Rb5 Rfd8 38. Bd5 Nc7 39.
Rb7 Qf6 40. Bg2 Ne6 41. Rbd7 Rxd7 42. Rxd7 Nc5 43. Rd5 Ne6 44. Qd1 h5 45.
h4 Qc3 46. Rd3 Qb2 47. Bd5 Nc5 48. Bxc5 Rxc5 49. Rf3 Rc7 50. Qe1 Bf6 51.
Qe4 Kg7 52. Qf4 Re7 53. Kg2 Qe5 54. Qd2 Qa1 55. Re3 Rxe3 56. Qxe3 Qc3 57.
Qxc3 Bxc3 58. c5 Bd4 59. c6 Bb6 60. Kf3 Kf6 61. Ke2 Ke7 62. f3 f6 63. g4
Kd6 64. Be4 g5 65. hxg5 h4 66. g6 Ke7 67. Bd5 Kf8 68. f4 Kg7 69. f5 Kh6 70.
Kf1 h3 71. Bf3 Bc7 72. Kg1 h2+ 73. Kg2 Kg7 74. Bd5 Kf8 75. b4 axb4 76. a5
Bxa5 77. Kxh2 Kg7 78. Kg2 Bc7 79. Kf3 Kf8 80. Ke4 Bd6 81. Kd3 1-0

[Event "WCh w Blitz Final"]
[Site "Moscow RUS"]
[Date "2010.09.17"]
[Round "9"]
[White "Sebag,M"]
[Black "Muzychuk,M"]
[Result "0-1"]
[WhiteElo "2499"]
[BlackElo "2464"]
[EventDate "2010.09.17"]

1. e4 c5 2. c3 e5 3. Nf3 Nc6 4. d4 cxd4 5. cxd4 exd4 6. Nxd4 Nf6 7. Nc3 Bb4
8. Nxc6 dxc6 9. Qxd8+ Kxd8 10. Bg5 h6 11. O-O-O+ Ke7 12. Bd2 Bc5 13. e5 Nd7
14. Ne4 Bb6 15. Bb4+ c5 16. Bc3 Nf8 17. f4 Ne6 18. f5 Nd4 19. f6+ gxf6 20.
exf6+ Ke8 21. Nxc5 Nc6 22. Re1+ Kd8 23. b4 a5 24. a3 axb4 25. axb4 Bxc5 26.
bxc5 Be6 27. Bb5 Kc7 28. Re2 Ra3 29. Bb2 Ra5 30. Bxc6 Rxc5+ 31. Kb1 0-1

[Event "WCh w Blitz Final"]
[Site "Moscow RUS"]
[Date "2010.09.17"]
[Round "10"]
[White "Kosintseva,N"]
[Black "Muzychuk,M"]
[Result "1-0"]
[WhiteElo "2565"]
[BlackElo "2464"]
[EventDate "2010.09.17"]

1. e4 c5 2. Nf3 e6 3. c3 d5 4. exd5 exd5 5. d4 Nc6 6. Bb5 Nf6 7. O-O cxd4
8. Nxd4 Bd7 9. Qa4 Rc8 10. Bf4 Be7 11. Nxc6 bxc6 12. Ba6 c5 13. Qc2 Rc6 14.
Bb5 Rb6 15. Bxd7+ Qxd7 16. Nd2 O-O 17. Nf3 Ne4 18. Rad1 Qb7 19. b3 Bf6 20.
Be5 Re8 21. Bxf6 Rxf6 22. Rfe1 Rfe6 23. h3 Qc6 24. Re3 f5 25. Red3 Rd8 26.
b4 Red6 27. a3 cxb4 28. axb4 Qb6 29. Nd4 g6 30. f3 Nf6 31. Re3 a5 32. b5
Re8 33. Rde1 Rdd8 34. Re6 Rxe6 35. Rxe6 Rd6 36. Re3 Kf7 37. Qe2 Qb7 38. Re6
Rxe6 39. Qxe6+ Kg7 40. Qd6 g5 41. Nxf5+ Kg6 42. Nd4 a4 43. b6 Qd7 44. Qb4
Ne8 45. b7 1-0

[Event "WCh w Blitz Final"]
[Site "Moscow RUS"]
[Date "2010.09.17"]
[Round "10"]
[White "Lahno,Kateri"]
[Black "Sebag,M"]
[Result "1/2-1/2"]
[WhiteElo "2539"]
[BlackElo "2499"]
[EventDate "2010.09.17"]

1. d4 d5 2. c4 c6 3. cxd5 cxd5 4. Nf3 Nc6 5. Nc3 Nf6 6. Bf4 a6 7. Ne5 Bf5
8. Nxc6 bxc6 9. e3 e6 10. Be2 Be7 11. O-O O-O 12. Na4 Ne4 13. Rc1 g5 14.
Bg3 Nxg3 15. hxg3 Qc7 16. Bd3 Bg6 17. Bxg6 hxg6 18. Qc2 Rfc8 19. b3 f5 20.
f4 Kg7 21. Kf2 Ba3 22. Rb1 Be7 23. Qc3 Rh8 24. Rh1 a5 25. Rxh8 Rxh8 26. Rc1
Rc8 27. Qd3 gxf4 28. gxf4 g5 29. g3 Rh8 30. Kg2 Ba3 31. Rh1 Rxh1 32. Kxh1
Qf7 33. Qe2 g4 34. Qh2 Qb7 35. Qh5 Qb5 36. Qg5+ Kf7 37. Qh5+ Ke7 38. Qg5+
Kf7 39. Qh5+ Ke7 40. Qg5+ Kf7 41. Qh5+ Ke7 1/2-1/2

[Event "WCh w Blitz Final"]
[Site "Moscow RUS"]
[Date "2010.09.17"]
[Round "10"]
[White "Gunina,V"]
[Black "Nebolsina,V"]
[Result "1-0"]
[WhiteElo "2465"]
[BlackElo "2360"]
[EventDate "2010.09.17"]

1. d4 Nf6 2. Nf3 g6 3. c4 Bg7 4. g3 d5 5. cxd5 Nxd5 6. Bg2 Nb6 7. O-O Nc6
8. e3 O-O 9. Nc3 Re8 10. Re1 a5 11. Qe2 e5 12. dxe5 Nxe5 13. Nxe5 Bxe5 14.
e4 Be6 15. Rd1 Qc8 16. Qc2 Bh3 17. Bh1 Qe6 18. f3 Rad8 19. Be3 Nc4 20. Bf2
Nd6 21. Nd5 Nb5 22. f4 c6 23. fxe5 cxd5 24. a4 Na7 25. exd5 Qxe5 26. Bxa7
Rc8 27. Qd2 Qf5 28. Qf2 Qxf2+ 29. Bxf2 Rc2 30. Re1 Rd8 31. b3 1-0